000 00315nam a2200133Ia 4500
008 240624s9999 xx 000 0 und d
041 _aeng
082 _a920 SHA
100 _aHARTOG RUDOLF
245 _aBETWEEN TWO STOOLS
260 _c2007
_aNew Delhi
_bRupa and Company
300 _a200 : p.
365 _cRS
_b25
999 _c17564
_d17564